Statistics for Double S Vocabulary Words

Click here to take the quiz!

General Stats

  • This quiz has been taken 23,237 times
    (17,268 since last reset)
  • The average score is 14 of 22

Answer Stats

Definition Word % Correct
Female equivalent of ladLass
89%
One who sees the glass half emptyPessimist
89%
One who kills a prominent individualAssassin
87%
The mineralized remains of an animal or plantFossil
80%
Large double-reed instrumentBassoon
79%
Ambassador's residenceEmbassy
77%
Splitting of the atomFission
74%
It's what's on top of a graduation hatTassel
73%
To use profanityCuss
72%
Opposite of matteGloss
65%
Back-talkSass
63%
In accounting, the opposite of a liabilityAsset
63%
Automobile frameChassis
61%
Stick sport of Native American originLacrosse
61%
Catholic celebration of the EucharistMass
60%
Expository written compositionEssay
60%
Fancier version of chocolate puddingMousse
59%
Bottomless pitAbyss
59%
12 dozenGross
44%
Doctoral thesisDissertation
36%
Subject of a feudal lordVassal
32%
ExitEgress
27%

Score Distribution

Percentile by Number Answered

Percent of People with Each Score

Your Score History

You have not taken this quiz since the last reset